LEADER 00906nam0 22002651i 450 001 UON00435624 005 20231205104927.34 010 $a88-7018-090-5 100 $a20140214d1989 |0itac50 ba 101 $aita 102 $aIT 105 $a|||| ||||| 200 1 $aˆIl ‰ carnevale$fJulio Caro Baroja 210 $aGenova$cil melangolo$d1989 215 $aXVIII, 388 p.$d22 cm. 606 $aCARNEVALE$3UONC085177$2FI 620 $aIT$dGenova$3UONL000144 700 1$aCARO BAROJA$bJulio$3UONV007226$0141946 712 $aIl Melangolo$3UONV259495$4650 801 $aIT$bSOL$c20240220$gRICA 899 $aSIBA - SISTEMA BIBLIOTECARIO DI ATENEO$2UONSI 912 $aUON00435624 950 $aSIBA - SISTEMA BIBLIOTECARIO DI ATENEO$dSI II ANT-SOCB P 0157 $eSI 8265 5 0157 996 $aCarnevale$9509973 997 $aUNIOR LEADER 00733nam a2200217 i 4500 001 991004357933807536 005 20241213124914.0 008 271213s2007 it ||| | grc d 040 $aBibl. Dip.le Aggr. Scienze Giuridiche - Sez. Centro Studi sul Rischio 082 0 $a882 100 0 $aAristophanes$0602827 245 14$aCommedie /$cAristofane ; a cura di Dario Del Corno ... [et al.] ; traduzioni di Dario Del Corno 264 1$aMilano :$bA. Mondadori,$c2007 300 $axv, 911 pagine ;$c18 cm 490 0 $aI classici collezione ;$v54 500 $aTrad. italiana a fronte 700 1 $aDel Corno, Dario 830 0$aI classici collezione ;$v54 912 $a991004357933807536 996 $aEdie$94300341 997 $aUNISALENTO